| 000 | 00427nam a2200157Ia 4500 | ||
|---|---|---|---|
| 005 | 20250429102931.0 | ||
| 008 | 231217s9999 xx 000 0 und d | ||
| 020 | _a9780070167339 | ||
| 082 | _a005.26 DEW;1 R | ||
| 100 | _aDewire, Dawna Travis. | ||
| 245 | 0 | _aApplication development for distributed environments | |
| 260 |
_c1994 _bMcgraw Hill _aNew York |
||
| 300 | _axxiii+298 | ||
| 650 | _aenvironments | ||
| 942 | _cAA | ||
| 999 |
_c182461 _d182461 |
||